|
|
|
|
| LEADER |
01655nam a2200457 a 4500 |
| 001 |
000594047 |
| 003 |
CZ BrMZK |
| 005 |
20080214134541.0 |
| 007 |
ta |
| 008 |
020409s2002 xr g j eng d |
| 015 |
|
|
|a cnb001119927
|
| 020 |
|
|
|a 80-86379-36-1
|
| 035 |
|
|
|a (OCoLC)51186253
|
| 040 |
|
|
|a BOA001
|b cze
|
| 041 |
1 |
|
|a eng
|a cze
|
| 072 |
|
7 |
|a 821.111-3
|x Anglická próza, anglicky psaná
|2 Konspekt
|9 25
|
| 072 |
|
7 |
|a 811.111
|x Angličtina
|2 Konspekt
|9 11
|
| 080 |
|
|
|a 821.111-32
|2 MRF
|
| 080 |
|
|
|a 811.111
|2 MRF
|
| 080 |
|
|
|a 811.162.3
|2 MRF
|
| 080 |
|
|
|a 81'24
|2 MRF
|
| 080 |
|
|
|a (0:82-322.4)
|2 MRF
|
| 080 |
|
|
|a (0.027)=030
|2 MRF
|
| 100 |
1 |
|
|a Doyle, Arthur Conan,
|d 1859-1930
|7 jn19990001842
|4 aut
|
| 245 |
1 |
0 |
|a Three cases of Sherlock Holmes /
|c Sir Arthur Conan Doyle ; [z anglického originálu přeložila Eva Kondrysová]
|
| 246 |
3 |
1 |
|a Tři případy Sherloka Holmese
|
| 260 |
|
|
|a [Praha] :
|b Garamond,
|c c2002
|
| 300 |
|
|
|a 155 s. ;
|c 18 cm
|
| 490 |
1 |
|
|a Bilingual text with commentary : středně pokročilí
|
| 500 |
|
|
|a Souběžný anglický a český text.
|
| 650 |
0 |
7 |
|a angličtina
|7 ph114056
|2 czenas
|
| 650 |
0 |
7 |
|a čeština
|7 ph135292
|2 czenas
|
| 650 |
0 |
7 |
|a jazyková výuka
|7 ph162894
|2 czenas
|
| 655 |
|
7 |
|a anglické povídky
|7 fd131811
|2 czenas
|
| 655 |
|
7 |
|a detektivní povídky
|7 fd132008
|2 czenas
|
| 655 |
|
7 |
|a dvojjazyčná vydání
|7 fd194533
|2 czenas
|
| 700 |
1 |
|
|a Kondrysová, Eva,
|d 1926-2017
|7 jk01061476
|4 trl
|
| 830 |
|
0 |
|a Bilingual text with commentary
|0 s
|
| 910 |
|
|
|a BOA001
|b 1-1101.181
|
| 990 |
|
|
|a BK
|
| 996 |
6 |
|
|b 2610158793
|c 1-1101.181
|l MZK
|r Sklad / do 1 hodiny
|n 7
|p p.v.
|w 000594047
|u 000010
|a 1
|e BOA001
|j MZK50
|s P
|